000 01024nam a2200325Ia 4500
003 OSt
005 20221007121032.0
006 a|||||r|||| 00| 0
007 ta
008 221006b |||||||| |||| 00| 0 eng d
020 _a9781607613756 (hbd)
024 _a109906
037 _b042, 02/06/2010, N R Book Distributors
_cTextbook
040 _aBDL
_cBDL
_beng
041 _2eng
_aeng
082 _aI,11, P9 Carb
100 _aGavin Ray H Ed.
_9710547
245 0 _aCytoskeleton:methods and protocols
250 _a2
260 _aNew
_bYork Humana Press
_c2009
300 _axi, 390p.
_ccm.
490 _aMethods in molecular biology, 586
500 _aIncludes bibliographical references.; Index 389-390p.
650 _a Cytoskeletal proteins
_9710548
650 _a Cytoskeleton
_9710549
650 _a Molecular biology
_9414923
650 _aBotany
942 _hI,11, P9 Carb
_cTB
_2CC
999 _c1208360
_d1208360